000 00647nam a2200229 i 4500
001 C2-0315703
003 PPAK
005 20180728111534.0
008 120628s1982 my a|||| ||||| | may d
040 _aPPAK
_beng
_cPPAK
_erda
082 0 4 _a899.233
_223
090 0 0 _a899.233
_bROS
_dKIH
100 0 _aRosliah Abas,
_eauthor
245 1 0 _aBeras Sudah Habis
264 1 _aKuala Lumpur :
_bDewan Bahasa dan Pustaka ,
_c1982
300 _a29 pages :
_bcolour illustrations ;
_c20 cm
336 _2rdacontent
_atext
337 _2rdamedia
_aunmediated
338 _2rdacarrier
_avolume
650 1 0 _aChildren's Stories, Malay
942 _ddc
_cB
999 _c116894
_d116894